|
|
|
|
| LEADER |
00000cam a2200000 7i4500 |
| 001 |
0000009051 |
| 002 |
000009861 |
| 005 |
20000330.0 |
| 020 |
|
|
|a 9830571114
|
| 090 |
0 |
0 |
|a 332
|b WSU
|
| 100 |
1 |
|
|a W.S.Uzala
|
| 245 |
1 |
0 |
|a Mengawal penggunaan api elektrik
|c W.S.Uzala
|
| 260 |
|
|
|a Kuala Lumpur :
|b Goodmark Enterprise ,
|c 1996
|
| 300 |
|
|
|a 59 p. :
|b ill. ;
|c 17 cm.
|
| 490 |
0 |
|
|a Motivasi mengawal diri
|
| 650 |
0 |
0 |
|a Electric currents
|x Juvenile literature
|
| 999 |
|
|
|a 051700
|b BUKU
|c PINJAMAN
|e PERPUSTAKAAN KOMUNITI PETALING JAYA
|
| 999 |
|
|
|a 051701
|b BUKU
|c PINJAMAN
|e PERPUSTAKAAN KOMUNITI PETALING JAYA
|
| 999 |
|
|
|a 051702
|b BUKU
|c PINJAMAN
|e PERPUSTAKAAN KOMUNITI PETALING JAYA
|
| 999 |
|
|
|a 053761
|b BUKU
|c PINJAMAN
|e PERPUSTAKAAN KOMUNITI CAW KOTA DAMANSARA
|
| 999 |
|
|
|a 053762
|b BUKU
|c PINJAMAN
|e PERPUSTAKAAN KOMUNITI CAW KOTA DAMANSARA
|